Central America and Caribbean Quiz - Statistics

General Stats
  • This quiz has been taken 218 times
  • The average score is 15 of 20
Answer Stats
Answer % Correct
Belize
91%
Cuba
91%
El Salvador
87%
Honduras
87%
Costa Rica
86%
Panama
86%
Nicaragua
85%
Haiti
84%
Dominica
83%
Guatemala
83%
Jamaica
82%
Bahamas
81%
Dominican Republic
77%
Trinidad and Tobago
74%
Barbados
68%
St. Kitts and Nevis
66%
St. Lucia
61%
Antigua and Barbuda
59%
St. Vincent and the Grenadines
58%
Grenada
57%
No matching quizzes found
Score Distribution
Percent of People with Each Score
Percentile by Number Answered
Your Score History
You have not taken this quiz